Štatistické metódy v ekonómii: 4. odborný seminár, 9.-11.9.2010 Trenčianske Teplice

Salvato in:
Dettagli Bibliografici
Enti autori: Štatistické metódy v ekonómii. Odborný seminár, Fakulta hospodárskej informatiky EU. Katedra štatistiky
Natura: Libro
Lingua:slovacco
Pubblicazione: Bratislava [Katedra štatistiky] 2010
Soggetti:
Tags: Aggiungi Tag
Nessun Tag, puoi essere il primo ad aggiungerne!!

MARC

LEADER 00000nam$a2200000$$$4500
001 0124921
005 20240613074700.7
020 |a 978-80-225-3158-0 
041 0 |a slo 
044 |a SK 
245 1 0 |a Štatistické metódy v ekonómii: 4. odborný seminár, 9.-11.9.2010 Trenčianske Teplice 
264 1 |a Bratislava  |b [Katedra štatistiky]  |c 2010 
300 |a 30 s. 
610 2 0 |a metódy štatistické 
610 2 0 |a ekonómia 
610 2 0 |a štatistika 
110 2 |a Štatistické metódy v ekonómii. Odborný seminár 
710 2 |a Fakulta hospodárskej informatiky EU. Katedra štatistiky